Dânişmend-nâme/ (Record no. 66333)
| 000 -BAŞLIK | |
|---|---|
| Sabit Uzunluktaki Kontrol Alanı | 01472nam a22004097a 4500 |
| 001 - KONTROL NUMARASI | |
| Control Dosyası | 0065950 |
| 003 - KONTROL NUMARASI KİMLİĞİ | |
| Kontrol Alanı | KOHA_MİRAKIL |
| 005 - EN SON İŞLEM TARİHİ ve ZAMANI | |
| Kontrol Alanı | 20260207004623.0 |
| 007 - FİZİKSEL TANIM SABİT ALAN - GENEL BİLGİ | |
| Sabit uzunluklu kontrol alanı | ta |
| 008 - SABİT UZUNLUKTAKİ VERİ ÖGELERİ - GENEL BİLGİ | |
| Sabit Alan | 210301b2002 tu |||gr||||#0|||1|tur | |
| 040 ## - KATALOGLAMA KAYNAĞI | |
| Özgün Kataloglama Kurumu | TR-BiSEU |
| Kataloglama Dili | tur |
| Çeviri Kurumu | TR-BiSEU |
| Açıklama Kuralları | rda |
| 041 0# - DİL KODU | |
| Metin ya da ses kaydının dil kodu | tur |
| 044 ## - YAYINLAYAN/ÜRETEN KURULUŞUN ÜLKE KODU | |
| ISO country code | tu |
| 050 ## - SINIFLAMA ve YER NUMARASI | |
| Sınıflama Numarası | PL248.D33 |
| Yer Numarası | D36 2002 |
| 245 0# - ESER ADI BİLDİRİMİ | |
| Başlık | Dânişmend-nâme/ |
| Sorumluluk Bildirimi | hazırlayan Necati Demir; yayınlayanlar Şinasi Tekin, Gönül Alpay Tekin. |
| 264 #1 - ÜRERİM, YAYIN, DAĞITIM ve TELİF BİLDİRİMİ | |
| Yayın yeri | Cambridge : |
| Yayınlayan | Harvard Universitesi Yakın Doğu Dilleri ve Medeniyetleri Bölümü |
| Yayın tarihi | 2002 |
| 300 ## - FİZİKSEL TANIMLAMA | |
| Sayfa, Cilt vb. | 4 cilt ; |
| Boyutları | 27 cm. |
| 336 ## - İÇERİK TÜRÜ | |
| Content type term | metin |
| Content type code | txt |
| Source | rdacontent |
| 337 ## - MEDYA TÜRÜ | |
| Media type term | aracısız |
| Media type code | n |
| Source | rdamedia |
| 338 ## - TAŞIYICI TÜRÜ | |
| Carrier type term | cilt |
| Carrier type code | nc |
| Source | rdacarrier |
| 490 1# - DİZİ BİLDİRİMİ | |
| Dizi Bildirimi | Doğu dilleri ve edebiyatlarının kaynakları ; |
| Cilt Numarası | 54. |
| 490 1# - DİZİ BİLDİRİMİ | |
| Dizi Bildirimi | Türkçe kaynaklar ; |
| Cilt Numarası | 47 |
| 500 ## - GENEL NOT | |
| Genel Not | Kaynakça var. |
| 500 ## - GENEL NOT | |
| Genel Not | Kısım I: Tenkitli metin. |
| 500 ## - GENEL NOT | |
| Genel Not | Kısım II: Türkiye Türkçesine Aktarış. |
| 500 ## - GENEL NOT | |
| Genel Not | Kısım III: Dil Özellikleri ve Sözlük. |
| 500 ## - GENEL NOT | |
| Genel Not | Kısım IV: Tıpkıbasım, Atatürk Kitaplığı, M. Cevdet K. 441. |
| 650 #0 - KONU BAŞLIĞI EK GİRİŞ - KONU TERİMİ | |
| Konusal terim veya coğrafi ad | Danismend-name. |
| 9 (RLIN) | 124195 |
| 650 #0 - KONU BAŞLIĞI EK GİRİŞ - KONU TERİMİ | |
| Konusal terim veya coğrafi ad | Destan edebiyatı, Türki. |
| 9 (RLIN) | 124196 |
| 650 #0 - KONU BAŞLIĞI EK GİRİŞ - KONU TERİMİ | |
| Konusal terim veya coğrafi ad | Epic literature, Turkic. |
| 9 (RLIN) | 26299 |
| 650 #0 - KONU BAŞLIĞI EK GİRİŞ - KONU TERİMİ | |
| Konusal terim veya coğrafi ad | Efsaneler--Türkiye. |
| 9 (RLIN) | 124197 |
| 650 #0 - KONU BAŞLIĞI EK GİRİŞ - KONU TERİMİ | |
| Konusal terim veya coğrafi ad | Legends--Turkey. |
| 9 (RLIN) | 45950 |
| 830 1# - SERİ EK GİRİŞİ - TEKBİÇİM ESER ADI | |
| Tekbiçim Başlık | Doğu dilleri ve edebiyatlarının kaynakları ; |
| Volume number/sequential designation | 54. |
| 9 (RLIN) | 85097 |
| 830 1# - SERİ EK GİRİŞİ - TEKBİÇİM ESER ADI | |
| Tekbiçim Başlık | Türkçe kaynaklar ; |
| Volume number/sequential designation | 47 |
| 9 (RLIN) | 85098 |
| 907 ## - LOCAL DATA ELEMENT G, LDG (RLIN) | |
| a | Edebiyat |
| 942 ## - EK GİRİŞ ÖGELERİ (KOHA) | |
| Source of classification or shelving scheme | Library of Congress Classification |
| Koha item type | Book |
| Materyal Türü | Kalıcı Konum | Mevcut Konum | Raf Yeri | Sınıflandırma Kaynağı | Edinim Bilgisi | Ana Konular | Alt Konular | Yer Numarası | Cilt Bilgisi | Demirbaş Numarası | Fatura Tarihi | Geri Çekilme Durumu | Kayıp Durumu | Hasarlı Durumu | Kredi için değil | Kayıt Tarih | Toplam Ödünçverme | Son Görülme Tarihi | Son Kontrol Tarihi | Genel / Bağış Notu |
|---|---|---|---|---|---|---|---|---|---|---|---|---|---|---|---|---|---|---|---|---|
| Book | Prof. Dr. Azmi Özcan Kütüphanesi | Prof. Dr. Azmi Özcan Kütüphanesi | Birûni Salonu | Library of Congress Classification | Bağış | DİL VE EDEBİYAT | Doğu Asya, Afrika, Okyanusya Dilleri ve Edebiyatları | PL248.D33 D36 2002 | c.1 | 0065950 | 02/02/2026 | 01/03/2021 | 05/03/2025 | 05/03/2025 | Millet Kütüphanesi [Cumhurbaşkanlığı Külliyesi] | |||||
| Book | Prof. Dr. Azmi Özcan Kütüphanesi | Prof. Dr. Azmi Özcan Kütüphanesi | Birûni Salonu | Library of Congress Classification | Bağış | DİL VE EDEBİYAT | Doğu Asya, Afrika, Okyanusya Dilleri ve Edebiyatları | PL248.D33 D36 2002 | c.2 | 0065951 | 02/02/2026 | 01/03/2021 | 05/03/2025 | 05/03/2025 | Millet Kütüphanesi [Cumhurbaşkanlığı Külliyesi] | |||||
| Book | Prof. Dr. Azmi Özcan Kütüphanesi | Prof. Dr. Azmi Özcan Kütüphanesi | Birûni Salonu | Library of Congress Classification | Bağış | DİL VE EDEBİYAT | Doğu Asya, Afrika, Okyanusya Dilleri ve Edebiyatları | PL248.D33 D36 2002 | c.3 | 0065952 | 02/02/2026 | 01/03/2021 | 05/03/2025 | 05/03/2025 | Millet Kütüphanesi [Cumhurbaşkanlığı Külliyesi] | |||||
| Book | Prof. Dr. Azmi Özcan Kütüphanesi | Prof. Dr. Azmi Özcan Kütüphanesi | Birûni Salonu | Library of Congress Classification | Bağış | DİL VE EDEBİYAT | Doğu Asya, Afrika, Okyanusya Dilleri ve Edebiyatları | PL248.D33 D36 2002 | c.4 | 0065953 | 02/02/2026 | 01/03/2021 | 05/03/2025 | 05/03/2025 | Millet Kütüphanesi [Cumhurbaşkanlığı Külliyesi] |
